01774 2200241 4500001002100000005001500021035002000036008004100056245007700097100002800174260002800202300002500230020001800255084001700273520114600290082001101436650001001447650001301457700002901470990001101499990001101510990001101521INLIS00000000001395920260428102521 a0010-0821001038260428 g 0 ind 1 aMeditasi Secara Sufi, Sirr & Adab Al Suluk :bDalam Perjalanan Spiritual1 aLexhixon Nur Al-Jerrahi aBandung :bMarja,c2002 a141 hlm. ;c20,2 cm. a979-9482-09-7 a297.20 LEX m aMEDITASI SECARA SUFI. Meditasi sering diartikan sebagai upaya pemusatan pikiran dan perasaan seseorang untuk mencapai sesuatu. Pengertian ini mirip dengan istilah tafakur dalam terminologi Islam. Meditasi bisa juga berarti samadhi, yang selanjutnya berubah menjadi kata semedi dalam bahasa Jawa.Kata meditasi yang dimaksud di dalam buku ini mengacu pada pengertian pertama. Seorang sufi, tentu saja, bukanlah seorang yang mencukupkan diri menyembah Allah Sang Khaliq lewat beragam ritus agama semata, tapi juga dibarengi dengan pemahaman mendalam terhadap realitas kehidupan di dunia. Pemahaman hidup seperti inilah yang menjadi dasar tindakan mereka selaku hamba Allah dalam beribadah kepada-Nya. Kian tinggi pemahaman manusia terhadap realitas hidup maka akan bertambah arif dalam mengarungi hidup clan semakin intens pula mereka dalam beribadah.Buku Meditasi Sufi ini memuat pengalaman seorang sufi selama bermeditasi dan menjalani hidup kesehariannya. Membacanya, jelas bakal mengantarkan diri kita menuju pencerahan spiritual, dan sekaligus membimbing jiwa kita dalam memahami lautan hikmah Sang Pencipta yang berserak di sekitar kita! a297.20 4aIslam 4aMeditasi0 aSyaikh Najm Al-Din Kubro a034158 a034159 a034160